ゆるゆり 楽曲 - Statistics

General Stats
  • This quiz has been taken 11 times
  • The average score is 15 of 99
Answer Stats
作品名 OP/ED アーティスト名 楽曲名 % Correct
ゆるゆり OP 七森中☆ごらく部 ゆりゆららららゆるゆり大事件
89%
ゆるゆり CS 赤座あかり (CV: 三上枝織) 私、主役の赤座あかりです
78%
ゆるゆり IN 魔女っ娘ミラクるん (CV: 竹達彩奈) 魔女っ娘ミラクるん♪
67%
ゆるゆり♪♪ OP 七森中☆ごらく部 いぇす!ゆゆゆ☆ゆるゆり♪♪
56%
ゆるゆり さん☆ハイ! ED 七森中☆ごらく部 あっちゅ~ま青春!
56%
ゆるゆり CS 杉浦綾乃 (CV: 藤田咲) 恋の罰金バッキンガム!
44%
ゆるゆり♪♪ IN 吉川ちなつ (CV: 大久保瑠美) 網走慕情
44%
ゆるゆり さん☆ハイ! OP 七森中☆ごらく部 ちょちょちょ!ゆるゆり☆かぷりっちょ!!!
44%
ゆるゆり さん☆ハイ! ED 七森中☆ごらく部 きみがくれたシャイニーストーリー
44%
大室家 dear sisters ED 大室花子 (CV: 日高里菜), 小川こころ (CV: 倉知玲鳳), 相馬未来 (CV: 伊藤彩沙), 高崎みさき (CV: 古賀葵) 大げさに愛と呼ぶんだ
44%
ゆるゆり ED 七森中☆ごらく部 マイペースでいきましょう
33%
ゆるゆり CS 大室櫻子 (CV: 加藤英美里) きらいじゃないもん
33%
ゆるゆり CS 赤座あかり (CV: 三上枝織), 吉川ちなつ (CV: 大久保瑠美) 女と女のゆりゲーム
33%
ゆるゆり♪♪ IN 赤座あかり (CV: 三上枝織) みんなだいすきのうた
33%
ゆるゆり なちゅやちゅみ! ED 七森中☆ごらく部 アフタースクールデイズ
33%
ゆるゆり なちゅやちゅみ!+ OP 七森中☆ごらく部 ゆりしゅらしゅしゅしゅ
33%
ゆるゆり CS 赤座あかり (CV: 三上枝織) 背景
22%
ゆるゆり CS 船見結衣 (CV: 津田美波) クールナンバー
22%
ゆるゆり CS 吉川ちなつ (CV: 大久保瑠美) まるごと!
22%
ゆるゆり CS 歳納京子 (CV: 大坪由佳), 船見結衣 (CV: 津田美波) パジャマ旅行
22%
ゆるゆり CS さくひま*ひまさく 恋のダブルパンチ
22%
ゆるゆり♪♪ OP 魔女っ娘ミラクるん (CV: 竹達彩奈) よんでミラクるん!
22%
ゆるゆり♪♪ ED 船見結衣 (CV: 津田美波), 吉川ちなつ (CV: 大久保瑠美) ガールズパワーで
22%
ゆるゆり♪♪ IN 赤座あかり (CV: 三上枝織) サンタがやってくる♪
22%
ゆるゆり♪♪ CS 吉川ちなつ (CV: 大久保瑠美) 乙女日和☆
22%
ゆるゆり♪♪ CS 杉浦綾乃 (CV: 藤田咲) ない・ない・ナイアガラ!
22%
ゆるゆり♪♪ CS 大室櫻子 (CV: 加藤英美里) きらいっぱい×すきいっぱい
22%
ゆるゆり♪♪ CS 赤座あかり (CV: 三上枝織), 歳納京子 (CV: 大坪由佳) ふたりのサマバケ♪
22%
ゆるゆり なちゅやちゅみ! OP 七森中☆ごらく部 ゆるゆりんりんりんりんりん
22%
ゆるゆり なちゅやちゅみ!+ ED 七森中☆ごらく部/七森中☆生徒会 おひるねゆにばーす
22%
ゆるゆり CS 大室櫻子 (CV: 加藤英美里) 365コ
22%
大室家 dear sisters OP 大室櫻子 (CV: 加藤英美里), 大室撫子 (CV: 斎藤千和), 大室花子 (CV: 日高里菜) My Dear SiSTARS!
22%
ゆるゆり♪♪ CS 船見結衣 (CV: 津田美波) TON!TON!TON!
22%
ゆるゆり CS 魔女っ娘ミラクるん (CV: 竹達彩奈) ミラクる~ん♪
11%
ゆるゆり CS 船見結衣 (CV: 津田美波) ごゆるりワールド
11%
ゆるゆり CS 杉浦綾乃 (CV: 藤田咲) 片想い授業中
11%
ゆるゆり♪♪ IN 歳納京子 (CV: 大坪由佳) 地獄の底へもついていく
11%
ゆるゆり♪♪ IN 船見結衣 (CV: 津田美波) つんつんバラード
11%
ゆるゆり♪♪ CS 赤座あかり (CV: 三上枝織) 赤座劇場
11%
ゆるゆり♪♪ CS 吉川ちなつ (CV: 大久保瑠美) あのねっ!
11%
ゆるゆり♪♪ CS 歳納京子 (CV: 大坪由佳) ハレルヤいつも
11%
ゆるゆり♪♪ CS 杉浦綾乃 (CV: 藤田咲) しましまモード☆
11%
ゆるゆり♪♪ CS 古谷向日葵 (CV: 三森すずこ) それは恋ではないですの?
11%
ゆるゆり♪♪ CS 古谷向日葵 (CV: 三森すずこ) もう!そぉ?トゥナイト
11%
ゆるゆり♪♪ CS 七森中☆ごらく部 え~る♪
11%
ゆるゆり♪♪ CS 七森中☆ごらく部 ゴゴゴゴごらく部
11%
ゆるゆり♪♪ CS 七森中☆ごらく部 ハッピータイムは終わらない
11%
ゆるゆり♪♪ CS 赤座あかり (CV: 三上枝織), 船見結衣 (CV: 津田美波) はぁと☆チェイス
11%
ゆるゆり さん☆ハイ! BD4巻 杉浦綾乃 (CV: 藤田咲), 池田千歳 (CV: 豊崎愛生) ふたりスタイル
11%
ゆるゆり さん☆ハイ! CS 七森中☆ごらく部 ちょっとラブソング
11%
ゆるゆり さん☆ハイ! CS 赤座あかり (CV: 三上枝織) ハイっ!アッカリーン
11%
ゆるゆり さん☆ハイ! CS 船見結衣 (CV: 津田美波) あいまいセルフ
11%
ゆるゆり さん☆ハイ! CS 杉浦綾乃 (CV: 藤田咲) ぷりんアラモード
11%
ゆるゆり さん☆ハイ! CS 池田千歳 (CV: 豊崎愛生) め・が・ねのマーチ
11%
ゆるゆり さん☆ハイ! CS 古谷向日葵 (CV: 三森すずこ) 恋はあまのじゃくですわ
11%
ゆるゆり さん☆ハイ! CS 古谷向日葵 (CV: 三森すずこ) ナツノハナ*ものがたり
11%
ゆるゆり、 OP 七森中☆ごらく部 ゆるゆり、てんやわんや☆
11%
ゆるゆり、 ED 七森中☆ごらく部 リピってチャイム♪
11%
ゆるゆり♪♪ ED 七森中☆ごらく部 100%ちゅ~学生
11%
ゆるゆり さん☆ハイ! CS 大室櫻子 (CV: 加藤英美里) マ/ジ/ンBUSTER!
11%
ゆるゆり CS 古谷向日葵 (CV: 三森すずこ) Day by day
11%
ゆるゆり♪♪ CS 船見結衣 (CV: 津田美波) Eかげん☆YUIかげん
11%
ゆるゆり さん☆ハイ! CS 歳納京子 (CV: 大坪由佳) GO!GO!ミラクる
11%
ゆるゆり CW 七森中☆ごらく部 ゆるゆりI♥U
11%
ゆるゆり♪♪ CW 七森中☆ごらく部 MY SWEET MEMORY
11%
ゆるゆり CS さくひま*ひまさく よしなしOKI☆DOKI
11%
ゆるゆり CW 七森中☆ごらく部 Precious Friends
11%
ゆるゆり CS 池田千歳 (CV: 豊崎愛生) あなたのシアワセ うちのシアワセ
0%
ゆるゆり CS 池田千歳 (CV: 豊崎愛生) うちを芯まで漬け込んで
0%
ゆるゆり CS 七森中☆ごらく部 ごらく部、愛と勇気と希望と友情のテーマ
0%
ゆるゆり CS 七森中☆ごらく部 じゃんぷ!
0%
ゆるゆり♪♪ CW 七森中☆ごらく部 レッツラブ~でいきましょう♪
0%
ゆるゆり♪♪ IN 魔女っ娘ミラクるん (CV: 竹達彩奈) ぴゅあぴゅあミラクるん
0%
ゆるゆり♪♪ BD5巻 池田千鶴(CV: 倉口桃) 姉さんのシアワセ わたしのシアワセ
0%
ゆるゆり♪♪ CS 赤座あかり (CV: 三上枝織) しあわせギフト
0%
ゆるゆり♪♪ CS 歳納京子 (CV: 大坪由佳) はしゃいでみたり悩んでみたり 恋する乙女はゆるゆり
0%
ゆるゆり♪♪ CS 大室櫻子 (CV: 加藤英美里) でもでもバレバレだ!?
0%
ゆるゆり なちゅやちゅみ! CW 七森中☆ごらく部 とらべりんぐ
0%
ゆるゆり さん☆ハイ! CW 七森中☆ごらく部 みゅーじっく☆フィーバー
0%
ゆるゆり さん☆ハイ! BD1巻 七森中☆ごらく部 うぃーあー!ごらく部
0%
ゆるゆり さん☆ハイ! CS 赤座あかり (CV: 三上枝織) お気楽ごくらくゆるゆるデイズ
0%
ゆるゆり さん☆ハイ! CS 吉川ちなつ (CV: 大久保瑠美) チーナのえかきうた
0%
ゆるゆり さん☆ハイ! CS 船見結衣 (CV: 津田美波) ついておいでよ
0%
ゆるゆり さん☆ハイ! CS 歳納京子 (CV: 大坪由佳) せいぎのキョッピー!!
0%
ゆるゆり さん☆ハイ! CS 杉浦綾乃 (CV: 藤田咲) そわそわ!?ワンスモア
0%
ゆるゆり さん☆ハイ! CS 池田千歳 (CV: 豊崎愛生) イッツハッピーデイ!!
0%
ゆるゆり さん☆ハイ! CS 大室櫻子 (CV: 加藤英美里) サクラコ☆いんとろでゅーす
0%
大室家 dear friends ED 大室撫子 (CV: 斎藤千和), 園川めぐみ (CV: 上坂すみれ), 三輪藍 (CV: 東山奈央), 八重野美穂 (CV: 悠木碧) パッチワーク・エトセトラ!
0%
ゆるゆり CS 歳納京子 (CV: 大坪由佳) ミラクるゆるくる1・2・3
0%
ゆるゆり♪♪ CS 歳納京子 (CV: 大坪由佳), 吉川ちなつ (CV: 大久保瑠美) Bitter Sweet ぱらどっくす
0%
ゆるゆり CS 古谷向日葵 (CV: 三森すずこ) お願いCatch me
0%
ゆるゆり♪♪ CS 池田千歳 (CV: 豊崎愛生) chuchuchuri lovely
0%
ゆるゆり♪♪ CS 池田千歳 (CV: 豊崎愛生) あいのDelusion
0%
ゆるゆり CS 歳納京子 (CV: 大坪由佳) キラキラ☆everyday
0%
ゆるゆり CS 吉川ちなつ (CV: 大久保瑠美) Lovely
0%
ゆるゆり♪♪ BD1巻 歳納京子 (CV: 大坪由佳), 杉浦綾乃 (CV: 藤田咲) Miracle Duet
0%
大室家 dear friends IN 大室櫻子 (CV: 加藤英美里), 大室撫子 (CV: 斎藤千和), 大室花子 (CV: 日高里菜) My Sunny Side!
0%
ゆるゆり さん☆ハイ! CS 吉川ちなつ (CV: 大久保瑠美) ぴんぶら☆ピン-Pink★Black☆Pink-
0%
ゆるゆり なちゅやちゅみ! CS 七森中☆ごらく部 YURUYURI☆LET'S GO!
0%
No matching quizzes found
Score Distribution
Percent of People with Each Score
Percentile by Number Answered
Your Score History
You have not taken this quiz